000 00696nam a22001457a 4500
003 BD-ChCU
005 20260224134828.0
008 260224b bg ||||| |||| 00| 0 ben d
040 _cBD-ChCU
082 _a৩৩৩.৯১৮০৯৫৪৯২ আহ ৭১ বা
245 _aবাংলাদেশ বদ্বীপ: একুশ শতকের ব্যবস্থাপনা/
_c মহিউদ্দিন আহমদ , গিয়াসউদ্দীন আহমদ চৌধুরী , ইয়াপ ডি হীর
300 _a১২৬পৃ.
650 0 _aবাংলাদেশ বদ্বীপ: ব্যবস্থাপনা
_920565
942 _2ddc
_cBK
_n0
999 _c111731
_d111731